| Tag |
First Indicator |
Second Indicator |
Subfields |
| LEADER |
00000cam a2200000 4500 |
| 001 |
in00000046804 |
| 005 |
20151007075419.0 |
| 008 |
750826s1960 enka 00000 eng u |
| 010 |
|
|
|a 60050497
|
| 035 |
|
|
|a (OCoLC)01573876
|
| 035 |
|
|
|9 AAF3173AM
|
| 040 |
|
|
|c OXB
|d TXA
|d UtOrBLW
|
| 049 |
|
|
|a TXAM
|c [460084]
|
| 050 |
|
0 |
|a QL691.M3
|b T9
|
| 092 |
|
|
|a 598.2959
|b T971c, 1960
|
| 100 |
1 |
|
|a Tweedie, M. W. F.
|q (Michael Willmer Forbes),
|d 1907-1993.
|
| 245 |
1 |
0 |
|a Common Malayan birds /
|c Illustrated by A. Fraser-Brunner.
|
| 264 |
|
1 |
|a [London] :
|b Longmans,
|c [1960]
|
| 300 |
|
|
|a ix, 69 pages :
|b illustrations (part color) ;
|c 23 cm.
|
| 336 |
|
|
|a text
|b txt
|2 rdacontent
|
| 337 |
|
|
|a unmediated
|b n
|2 rdamedia
|
| 338 |
|
|
|a volume
|b nc
|2 rdacarrier
|
| 490 |
1 |
|
|a Malayan nature handbooks
|
| 650 |
|
0 |
|a Birds
|z Malaysia
|z Malaya.
|
| 830 |
|
0 |
|a Malayan Nature handbooks.
|
| 999 |
|
|
|a MARS
|
| 999 |
f |
f |
|s 1b76d38f-c1a0-30ce-a33b-f67043b57e04
|i 39c1afe6-7dd8-37ba-965c-baa6baaacdcb
|t 0
|
| 952 |
f |
f |
|p ric
|a Texas A&M University
|b Rellis Campus
|c Joint Library Facility
|d Remote Storage
|t 0
|e QL691.M3 T9
|h Library of Congress classification
|i unmediated -- volume
|m A14801023171
|
| 998 |
f |
f |
|a QL691.M3 T9
|t 0
|l Remote Storage
|